000 00581nam a22002177a 4500
003 UA-OsUOA
001 112776
007 ta
008 20150728b un ||||| |||| 00| 0 ukr d
100 _aШаров О.М.
090 _a330(477)
_bШ26
942 _cSA
040 _aUA-OsUOA
_bukr
_cUA-OsUOA
_dUA-OsUOA
245 _aУроки та перспективи "плану Маршалла" для України
300 _aС.12-19
955 _a0
041 _aukr
080 _a330(477)
773 0 _w112775
650 7 _a330 Економіка взагалі
_2UDC
999 _c398840
_d398840